{"text_format":"1","workbook":"xlsx","n_sheets":2,"sheets":["Shinannigias in Shayes","Look-up Tables"],"not_rendered":{"charts":0,"images":0,"macros":1,"external_links":0,"defined_names":8,"comments":0,"pivot_tables":0},"unopened":[],"bounds":{"document_bytes":16777216,"sheet_cells":100000,"rows_first":2000,"rows_last":500,"rows_between":2000,"halvings":0,"cell_chars":16384,"cell_head_chars":4096},"cells_cut":0,"cells_raw":0,"read":"whole","date_system":"1900"}

{"sheet":"Shinannigias in Shayes","index":0,"n_rows":95,"n_cols":44,"rows_kept":95,"cut":false,"hidden":false,"merged":[[0,33,0,35],[0,36,0,37],[0,38,0,42],[0,19,1,19],[0,20,1,20],[0,21,1,21],[0,22,0,26],[0,27,0,29],[0,30,0,32],[0,18,1,18],[0,7,1,7],[0,8,1,8],[0,9,1,9],[0,10,1,10],[0,11,1,11],[0,12,1,12],[0,13,1,13],[0,14,1,14],[0,15,1,15],[0,16,1,16],[0,17,1,17],[0,6,1,6],[0,1,1,1],[0,2,1,2],[0,3,1,3],[0,4,1,4],[0,5,1,5]]}
[null,"DOY","Seasonal Month","Date","Day of Week","Season","Latitude (degrees)","Sunrise","Sunset","Night Time Illumination","Climatic Region","Terrain Type","Elevation (ft.)","d6#1","d6#2","d6#3","d6#4","d6#5","d6#6","d6#7","d3","d4","Temperature: actual °F (feels like °F)",null,null,null,null,"Relative Humidity",null,null,"Wind",null,null,"Precipitation",null,null,"Cloud Cover",null,"Special Weather",null,null,null,null,"Player Notes"]
[null,null,null,null,null,null,null,null,null,null,null,null,null,null,null,null,null,null,null,null,null,null,"Code","Days at Max.","Days at Min.","High","Low","Code","Before Precip.","After Precip.","Direction","Gusts (mph)","Average (mph)","Code","Amount (in.)","Type","Code",null,"Roll 2","Code","Days Countdown",null,"Notes"]
["Continue",13,2,"13 Janus 1008","Onward","Winter",38,"7:08am","4:52pm","Darkness","Temperate","Seacoast",0,2,4,6,4,2,3,4,3,3,8,0,0,"30 (16)","15 (-4)",3,0.5,0.56999999999999995,"West",25,12,"M","1 inch to 2 inches","Snow",3,"Partly Cloudy",null,null,null,"None"]
["Continue",14,2,"14 Janus 1008","Forens","Winter",38,"7:07am","4:53pm","Darkness","Temperate","Seacoast",0,2,3,2,1,3,5,2,3,1,7,0,0,"25 (6)","10 (-15)",3,0.64,0.56999999999999995,"West",40,20,"-","None","None",4,"Mostly Cloudy",null,null,null,"None"]
["Continue",15,2,"15 Janus 1008","Freeday","Winter",38,"7:07am","4:54pm","Darkness","Temperate","Seacoast",0,2,4,1,3,2,4,5,3,2,6,0,1,"18 (-5)","10 (-16)",4,0.78,0.73,"West",45,22,"M","1 inch to 2 inches","Snow",4,"Mostly Cloudy",null,null,null,"None"]
["Continue",16,2,"16 Janus 1008","Hafn'mor","Winter",38,"7:06am","4:54pm","Darkness","Temperate","Seacoast",0,6,2,2,3,5,4,6,2,1,7,0,0,"25 (7)","10 (-14)",3,0.72,0.67,"West",35,18,"L","1/2 inch to 1 inch","Snow",3,"Partly Cloudy",null,null,null,"None"]
["Continue",17,2,"17 Janus 1008","Aprochen","Winter",38,"7:05am","4:55pm","Darkness","Temperate","Seacoast",0,2,2,2,5,1,4,6,2,1,6,0,1,"18 (-5)","10 (-16)",4,0.56000000000000005,0.77,"North",45,22,"H","2 inches to 4 inches","Snow",4,"Mostly Cloudy",null,null,null,"None"]
["Continue",18,2,"18 Janus 1008","Longday","Winter",38,"7:05am","4:56pm","Darkness","Temperate","Seacoast",0,4,3,2,5,3,4,3,1,2,7,0,0,"25 (7)","10 (-14)",3,0.85,0.56000000000000005,"West",35,18,"L","1/2 inch to 1 inch","Snow",3,"Partly Cloudy",null,null,null,"None"]
["Continue",19,2,"19 Janus 1008","Endsnear","Winter",38,"7:04am","4:57pm","Darkness","Temperate","Seacoast",0,1,4,3,2,6,6,1,1,3,6,0,1,"18 (-5)","10 (-16)",3,0.48,0.43,"West",45,22,"-","None","None",4,"Mostly Cloudy",null,null,null,"None"]
["Continue",20,2,"20 Janus 1008","Godsday","Winter",38,"7:03am","4:57pm","Darkness","Temperate","Seacoast",0,6,2,4,4,2,1,2,3,4,7,0,0,"25 (7)","10 (-14)",3,0.65,0.55000000000000004,"West",35,18,"L","1/2 inch to 1 inch","Snow",3,"Partly Cloudy",null,null,null,"None"]
["Continue",21,2,"21 Janus 1008","Newday","Winter",38,"7:02am","4:58pm","Darkness","Temperate","Seacoast",0,1,4,5,3,2,2,3,1,4,6,0,1,"18 (-5)","10 (-16)",3,0.57999999999999996,0.52,"West",45,22,"-","None","None",4,"Mostly Cloudy",null,null,null,"None"]
["Continue",22,2,"22 Janus 1008","Nexsta'","Winter",38,"7:01am","4:59pm","Darkness","Temperate","Seacoast",0,1,3,2,3,6,6,6,2,4,6,0,2,"18 (-5)","10 (-16)",3,0.68,0.63,"West",45,22,"-","None","None",4,"Mostly Cloudy",null,null,null,"None"]
["Continue",23,2,"23 Janus 1008","Onward","Winter",38,"7:01am","5:00pm","Darkness","Temperate","Seacoast",0,6,6,1,2,5,5,3,1,1,9,0,0,"35 (31)","15 (7)",4,0.77,0.76,"South",5,0,"H","2 inches to 4 inches","Snow",3,"Partly Cloudy",3,"-",null,"None"]
["Continue",24,2,"24 Janus 1008","Forens","Winter",38,"7:00am","5:01pm","Darkness","Temperate","Seacoast",0,1,6,1,3,5,5,5,3,2,9,0,0,"35 (31)","15 (7)",5,0.92,1,"West",5,0,"H","2 inches to 4 inches","Snow",3,"Partly Cloudy",null,null,null,"None"]
["Continue",25,2,"25 Janus 1008","Freeday","Winter",38,"6:59am","5:01pm","Darkness","Temperate","Seacoast",0,2,3,4,6,2,1,6,2,3,8,0,0,"30 (17)","15 (-2)",3,0.81,0.5,"West",20,10,"-","None","None",4,"Mostly Cloudy",null,null,null,"None"]
["Continue",26,2,"26 Janus 1008","Hafn'mor","Winter",38,"6:58am","5:02pm","Darkness","Temperate","Seacoast",0,4,1,6,3,4,1,5,1,1,7,0,0,"25 (7)","10 (-14)",3,0.57999999999999996,0.52,"West",35,18,"-","None","None",5,"Overcast",null,null,null,"None"]
["Continue",27,2,"27 Janus 1008","Aprochen","Winter",38,"6:57am","5:03pm","Darkness","Temperate","Seacoast",0,1,3,4,3,5,6,2,1,4,6,0,1,"18 (-5)","10 (-16)",4,0.78,0.74,"North",45,22,"M","1 inch to 2 inches","Snow",5,"Overcast",null,null,null,"None"]
["Continue",28,2,"28 Janus 1008","Longday","Winter",38,"6:56am","5:04pm","Darkness","Temperate","Seacoast",0,3,3,1,6,5,3,2,1,1,6,0,2,"18 (-5)","10 (-16)",5,1,0.98,"West",45,22,"M","1 inch to 2 inches","Snow",5,"Overcast",null,null,null,"None"]
["Continue",29,2,"29 Janus 1008","Endsnear","Winter",38,"6:55am","5:05pm","Darkness","Temperate","Seacoast",0,2,1,1,3,5,4,3,2,1,6,0,3,"18 (-5)","10 (-16)",5,0.93,1,"West",45,22,"M","1 inch to 2 inches","Snow",5,"Overcast",null,null,null,"None"]
["Continue",30,2,"30 Janus 1008","Godsday","Winter",38,"6:55am","5:06pm","Moonlight","Temperate","Seacoast",0,2,5,2,1,1,5,3,1,2,7,0,0,"25 (7)","10 (-14)",5,0.94,0.92,"West",35,18,"M","1 inch to 2 inches","Snow",4,"Mostly Cloudy",null,null,null,"None"]
["Continue",31,2,"31 Janus 1008","Midwinter","Winter",38,"6:54am","5:07pm","Moonlight","Temperate","Seacoast",0,6,5,5,5,2,4,6,1,2,9,0,0,"35 (24)","15 (-2)",3,0.76,0.42,"South",20,10,"-","None","None",2,"Mostly Clear",null,null,null,"None"]
["Continue",32,2,"01 Febulus 1008","Newday","Winter",38,"6:53am","5:08pm","Moonlight","Temperate","Seacoast",0,3,2,2,5,3,6,3,2,4,8,0,0,"30 (14)","15 (-7)",3,0.54,0.48,"West",35,18,"-","None","None",3,"Partly Cloudy",null,null,null,"None"]
["Continue",33,2,"02 Febulus 1008","Nexsta'","Winter",38,"6:52am","5:09pm","Moonlight","Temperate","Seacoast",0,4,4,2,5,4,3,4,3,2,9,0,0,"35 (23)","15 (-4)",4,0.9,0.84,"West",25,12,"H","2 inches to 4 inches","Snow",3,"Partly Cloudy",null,null,null,"None"]
["Continue",34,2,"03 Febulus 1008","Onward","Winter",38,"6:51am","5:10pm","Darkness","Temperate","Seacoast",0,1,4,5,1,5,1,5,3,2,8,0,0,"30 (13)","15 (-8)",3,0.67,0.63,"West",40,20,"-","None","None",4,"Mostly Cloudy",null,null,null,"None"]
["Continue",35,2,"04 Febulus 1008","Forens","Winter",38,"6:50am","5:11pm","Darkness","Temperate","Seacoast",0,4,4,1,3,6,1,6,1,2,9,0,0,"35 (22)","15 (-5)",4,0.86,0.86,"West",30,15,"H","2 inches to 4 inches","Snow",3,"Partly Cloudy",null,null,null,"None"]
["Continue",36,2,"05 Febulus 1008","Freeday","Winter",38,"6:49am","5:12pm","Darkness","Temperate","Seacoast",0,5,6,6,3,5,1,3,3,3,11,0,0,"50 (50)","30 (19)",3,0.46,0.51,"South",15,8,"-","None","None",1,"Clear",null,null,null,"None"]
["Continue",37,2,"06 Febulus 1008","Hafn'mor","Winter",38,"6:48am","5:13pm","Darkness","Temperate","Seacoast",0,6,6,1,5,4,5,2,2,3,14,1,0,"70 (70)","50 (50)",4,0.9,0.87,"West",5,0,"H","3/4 inch to 1.5 inches","Rain",3,"Partly Cloudy",6,"-",null,"None"]
["Continue",38,2,"07 Febulus 1008","Aprochen","Winter",38,"6:47am","5:14pm","Darkness","Temperate","Seacoast",0,3,3,3,1,5,5,1,3,4,13,0,0,"65 (65)","45 (45)",5,0.93,0.97,"West",15,8,"H","3/4 inch to 1.5 inches","Rain",3,"Partly Cloudy",null,"-",null,"None"]
["Continue",39,2,"08 Febulus 1008","Longday","Winter",38,"6:46am","5:15pm","Darkness","Temperate","Seacoast",0,5,3,2,5,2,1,5,2,3,14,1,0,"70 (70)","50 (50)",4,0.95,0.9,"West",5,0,"L","1/8 inch to 1/2 inch","Rain",2,"Mostly Clear",null,"-",null,"None"]
["Continue",40,2,"09 Febulus 1008","Endsnear","Winter",38,"6:45am","5:16pm","Darkness","Temperate","Seacoast",0,5,1,6,2,2,4,1,2,2,13,0,0,"65 (65)","45 (45)",4,0.81,0.88,"West",15,8,"L","1/8 inch to 1/2 inch","Rain",2,"Mostly Clear",null,"-",null,"None"]
["Continue",41,2,"10 Febulus 1008","Godsday","Winter",38,"6:44am","5:17pm","Darkness","Temperate","Seacoast",0,1,3,2,3,5,5,2,1,4,11,0,0,"50 (50)","30 (16)",5,0.74,0.94,"North",25,12,"M","1/2 inch to 3/4 inch","Rain",3,"Partly Cloudy",null,"-",null,"None"]
["Continue",42,2,"11 Febulus 1008","Newday","Winter",38,"6:43am","5:18pm","Darkness","Temperate","Seacoast",0,6,4,5,5,5,6,2,2,3,13,0,0,"65 (65)","45 (45)",4,0.92,0.73,"South",15,8,"L","1/8 inch to 1/2 inch","Rain",2,"Mostly Clear",null,"-",null,"None"]
["Continue",43,2,"12 Febulus 1008","Nexsta'","Winter",38,"6:42am","5:19pm","Darkness","Temperate","Seacoast",0,1,1,1,6,3,5,4,1,4,10,0,0,"40 (26)","20 (-2)",5,0.71,1,"West",45,22,"H","2 inches to 4 inches","Sleet",5,"Overcast",7,"X",null,"Lightning Storm","From 12:59am 'til 1:29am."]
["Continue",44,2,"13 Febulus 1008","Onward","Winter",38,"6:41am","5:20pm","Darkness","Temperate","Seacoast",0,3,5,2,2,5,6,2,3,1,11,0,0,"50 (50)","30 (14)",5,1,0.93,"West",35,18,"M","1/2 inch to 3/4 inch","Rain",4,"Mostly Cloudy",null,"X",null,"None"]
["Continue",45,2,"14 Febulus 1008","Forens","Winter",38,"6:40am","5:21pm","Darkness","Temperate","Seacoast",0,3,6,1,6,2,6,3,1,2,12,0,0,"60 (60)","40 (30)",3,0.73,0.52,"West",20,10,"-","None","None",2,"Mostly Clear",null,"X",null,"None"]
["Continue",46,2,"15 Febulus 1008","Freeday","Winter",38,"6:39am","5:22pm","Darkness","Temperate","Seacoast",0,1,3,4,4,5,1,1,2,3,10,0,0,"40 (28)","20 (1)",4,0.79,0.86,"North",30,15,"M","1 inch to 2 inches","Sleet",3,"Partly Cloudy",null,"X",null,"None"]
["Continue",47,3,"16 Febulus 1008","Hafn'mor","Winter",38,"6:38am","5:23pm","Darkness","Temperate","Seacoast",0,1,5,3,3,3,2,3,1,2,9,0,1,"35 (20)","15 (-8)",5,0.98,0.93,"West",40,20,"M","1 inch to 2 inches","Snow",3,"Partly Cloudy",null,"X",null,"None"]
["Continue",48,3,"17 Febulus 1008","Aprochen","Winter",38,"6:37am","5:24pm","Darkness","Temperate","Seacoast",0,5,1,6,6,5,2,6,2,2,9,0,2,"35 (20)","15 (-8)",5,0.99,0.93,"West",40,20,"M","1 inch to 2 inches","Snow",3,"Partly Cloudy",null,"X",null,"None"]
["Continue",49,3,"18 Febulus 1008","Longday","Winter",38,"6:36am","5:25pm","Darkness","Temperate","Seacoast",0,6,5,6,2,6,6,4,2,1,11,0,0,"50 (50)","30 (16)",3,0.81,0.42,"South",25,12,"-","None","None",1,"Clear",null,"X",null,"None"]
["Continue",50,3,"19 Febulus 1008","Endsnear","Winter",38,"6:35am","5:26pm","Darkness","Temperate","Seacoast",0,5,3,6,2,3,2,1,1,2,12,0,0,"60 (60)","40 (32)",3,0.56999999999999995,0.48,"West",15,8,"L","1/8 inch to 1/2 inch","Rain",2,"Mostly Clear",null,"X",null,"None"]
["Continue",51,3,"20 Febulus 1008","Godsday","Winter",38,"6:33am","5:27pm","Darkness","Temperate","Seacoast",0,3,4,4,5,1,1,4,2,3,12,0,0,"60 (60)","40 (32)",3,0.59,0.46,"West",15,8,"L","1/8 inch to 1/2 inch","Rain",2,"Mostly Clear",null,"X",null,"None"]
["Continue",52,3,"21 Febulus 1008","Newday","Winter",38,"6:32am","5:28pm","Darkness","Temperate","Seacoast",0,2,6,1,3,4,3,6,3,4,13,0,0,"65 (65)","45 (45)",4,0.55000000000000004,0.75,"West",5,0,"M","1/2 inch to 3/4 inch","Rain",3,"Partly Cloudy",null,"X",null,"None"]
["Continue",53,3,"22 Febulus 1008","Nexsta'","Winter",38,"6:31am","5:29pm","Darkness","Temperate","Seacoast",0,6,1,4,1,5,1,2,1,1,13,0,0,"65 (65)","45 (45)",5,1,0.96,"West",5,0,"M","1/2 inch to 3/4 inch","Rain",3,"Partly Cloudy",null,"X",null,"None"]
["Continue",54,3,"23 Febulus 1008","Onward","Winter",38,"6:30am","5:30pm","Darkness","Temperate","Seacoast",0,2,2,1,3,2,1,2,2,1,11,0,0,"50 (50)","30 (19)",5,1,0.97,"North",15,8,"H","3/4 inch to 1.5 inches","Rain",4,"Mostly Cloudy",null,"X",null,"None"]
["Continue",55,3,"24 Febulus 1008","Forens","Winter",38,"6:29am","5:31pm","Darkness","Temperate","Seacoast",0,4,6,2,3,1,3,2,1,4,13,0,0,"65 (65)","45 (45)",5,0.93,0.92,"South",5,0,"M","1/2 inch to 3/4 inch","Rain",3,"Partly Cloudy",null,"X",null,"None"]
["Continue",56,3,"25 Febulus 1008","Freeday","Winter",38,"6:28am","5:33pm","Darkness","Temperate","Seacoast",0,4,4,6,3,6,6,6,1,1,14,0,0,"70 (70)","50 (50)",5,0.97,0.97,"West",0,0,"H","3/4 inch to 1.5 inches","Rain",3,"Partly Cloudy",null,"X",null,"None"]
["Continue",57,3,"26 Febulus 1008","Hafn'mor","Winter",38,"6:27am","5:34pm","Darkness","Temperate","Seacoast",0,2,3,2,6,2,4,6,1,1,13,0,0,"65 (65)","45 (45)",3,0.82,0.64,"West",15,8,"-","None","None",4,"Mostly Cloudy",null,"X",null,"None"]
["Continue",58,3,"27 Febulus 1008","Aprochen","Winter",38,"6:26am","5:35pm","Darkness","Temperate","Seacoast",0,3,2,3,1,6,1,5,3,4,12,0,0,"60 (60)","40 (28)",3,0.51,0.52,"West",30,15,"-","None","None",5,"Overcast",null,"X",null,"None"]
["Continue",59,3,"28 Febulus 1008","Longday","Winter",38,"6:25am","5:36pm","Darkness","Temperate","Seacoast",0,5,2,4,3,1,5,6,1,4,12,0,0,"60 (60)","40 (28)",3,0.45,0.51,"West",30,15,"-","None","None",5,"Overcast",null,"X",null,"None"]
["Continue",60,3,"29 Febulus 1008","Endsnear","Winter",38,"6:24am","5:37pm","Darkness","Temperate","Seacoast",0,1,3,1,6,3,5,5,1,4,10,0,0,"40 (27)","20 (-1)",4,0.87,0.88,"North",40,20,"M","1 inch to 2 inches","Sleet",5,"Overcast",null,"X",null,"None"]
["Continue",61,3,"30 Febulus 1008","Godsday","Winter",38,"6:22am","5:38pm","Moonlight","Temperate","Seacoast",0,3,6,1,1,3,3,5,1,3,11,0,0,"50 (50)","30 (16)",3,0.48,0.54,"West",25,12,"-","None","None",3,"Partly Cloudy",null,"X",null,"None"]
["Continue",62,3,"01 Marcav 1008","Newday","Winter",38,"6:21am","5:39pm","Moonlight","Temperate","Seacoast",0,6,1,4,2,4,6,6,2,2,11,0,0,"50 (50)","30 (16)",3,0.49,0.52,"West",25,12,"-","None","None",3,"Partly Cloudy",null,"X",null,"None"]
["Continue",63,3,"02 Marcav 1008","Nexsta'","Winter",38,"6:20am","5:40pm","Moonlight","Temperate","Seacoast",0,3,2,5,6,6,6,1,2,3,10,0,0,"40 (27)","20 (-1)",3,0.43,0.51,"West",40,20,"-","None","None",4,"Mostly Cloudy",null,"X",null,"None"]
["Continue",64,3,"03 Marcav 1008","Onward","Winter",38,"6:19am","5:41pm","Moonlight","Temperate","Seacoast",0,5,6,1,1,6,3,5,2,2,12,0,0,"60 (60)","40 (29)",3,0.7,0.51,"South",25,12,"-","None","None",2,"Mostly Clear",null,"X",null,"None"]
["Continue",65,3,"04 Marcav 1008","Forens","Winter",38,"6:18am","5:43pm","Darkness","Temperate","Seacoast",0,4,4,6,5,3,5,2,1,3,13,0,0,"65 (65)","45 (45)",4,0.73,0.84,"West",15,8,"H","3/4 inch to 1.5 inches","Rain",3,"Partly Cloudy",null,"X",null,"None"]
["Continue",66,3,"05 Marcav 1008","Freeday","Winter",38,"6:17am","5:44pm","Darkness","Temperate","Seacoast",0,5,2,5,1,4,1,2,1,3,13,0,0,"65 (65)","45 (45)",5,0.97,0.94,"West",15,8,"H","3/4 inch to 1.5 inches","Rain",3,"Partly Cloudy",null,"X",null,"None"]
["Continue",67,3,"06 Marcav 1008","Hafn'mor","Winter",38,"6:16am","5:45pm","Darkness","Temperate","Seacoast",0,6,1,6,2,4,5,6,3,1,13,0,0,"65 (65)","45 (45)",5,0.96,0.91,"West",15,8,"H","3/4 inch to 1.5 inches","Rain",3,"Partly Cloudy",null,"X",null,"None"]
["Continue",68,3,"07 Marcav 1008","Aprochen","Winter",38,"6:15am","5:46pm","Darkness","Temperate","Seacoast",0,6,4,5,1,2,1,4,2,3,15,0,0,"70 (70)","55 (55)",4,0.97,0.77,"South",5,0,"L","1/8 inch to 1/2 inch","Rain",2,"Mostly Clear",null,"X",null,"None"]
["Continue",69,3,"08 Marcav 1008","Longday","Winter",38,"6:13am","5:47pm","Darkness","Temperate","Seacoast",0,5,6,2,5,5,1,6,3,4,17,1,0,"80 (84)","60 (60)",3,0.81,0.44,"South",0,0,"-","None","None",1,"Clear",null,"X",null,"None"]
["Continue",70,3,"09 Marcav 1008","Endsnear","Winter",38,"6:12am","5:48pm","Darkness","Temperate","Seacoast",0,3,1,6,2,1,6,2,2,1,15,0,0,"70 (70)","55 (55)",3,0.65,0.65,"North",10,5,"L","1/8 inch to 1/2 inch","Rain",2,"Mostly Clear",null,"X",null,"None"]
["Continue",71,3,"10 Marcav 1008","Godsday","Winter",38,"6:11am","5:49pm","Darkness","Temperate","Seacoast",0,6,1,2,6,2,6,2,2,4,15,0,0,"70 (70)","55 (55)",3,0.45,0.42,"West",10,5,"L","1/8 inch to 1/2 inch","Rain",2,"Mostly Clear",null,"X",null,"None"]
["Continue",72,3,"11 Marcav 1008","Newday","Winter",38,"6:10am","5:51pm","Darkness","Temperate","Seacoast",0,6,6,3,1,2,3,2,2,4,17,1,0,"80 (81)","60 (60)",4,0.5,0.8,"West",5,0,"H","3/4 inch to 1.5 inches","Rain",3,"Partly Cloudy",4,"-",null,"None"]
["Continue",73,3,"12 Marcav 1008","Nexsta'","Winter",38,"6:09am","5:52pm","Darkness","Temperate","Seacoast",0,4,1,5,1,4,5,1,1,1,16,0,0,"75 (75)","55 (55)",3,0.59,0.59,"West",20,10,"-","None","None",4,"Mostly Cloudy",null,"-",null,"None"]
["Continue",74,3,"13 Marcav 1008","Onward","Winter",38,"6:08am","5:53pm","Darkness","Temperate","Seacoast",0,6,1,5,4,5,3,6,2,4,16,0,0,"75 (75)","55 (55)",3,0.65,0.6,"West",20,10,"-","None","None",4,"Mostly Cloudy",null,"-",null,"None"]
["Continue",75,3,"14 Marcav 1008","Forens","Winter",38,"6:07am","5:54pm","Darkness","Temperate","Seacoast",0,2,5,2,1,6,5,1,3,3,16,0,0,"75 (75)","55 (55)",3,0.41,0.61,"West",20,10,"-","None","None",4,"Mostly Cloudy",null,"-",null,"None"]
["Continue",76,3,"15 Marcav 1008","Freeday","Winter",38,"6:05am","5:55pm","Darkness","Temperate","Seacoast",0,1,5,4,1,3,5,6,2,4,15,0,0,"70 (70)","55 (55)",4,0.8,0.9,"West",30,15,"M","1/2 inch to 3/4 inch","Rain",4,"Mostly Cloudy",null,"-",null,"None"]
["Continue",77,3,"16 Marcav 1008","Hafn'mor","Winter",38,"6:04am","5:56pm","Darkness","Temperate","Seacoast",0,3,2,2,4,3,6,3,3,4,14,0,0,"70 (70)","50 (50)",3,0.43,0.45,"West",45,22,"-","None","None",5,"Overcast",null,"-",null,"None"]
["Continue",78,3,"17 Marcav 1008","Aprochen","Winter",38,"6:03am","5:57pm","Darkness","Temperate","Seacoast",0,2,5,5,6,1,6,4,3,1,14,0,0,"70 (70)","50 (50)",3,0.63,0.6,"West",45,22,"-","None","None",5,"Overcast",null,"-",null,"None"]
["Continue",79,3,"18 Marcav 1008","Longday","Winter",38,"6:02am","5:59pm","Darkness","Temperate","Seacoast",0,4,1,2,2,2,3,1,3,1,13,0,0,"65 (65)","45 (45)",3,0.69,0.68,"West",45,22,"-","None","None",5,"Overcast",null,"-",null,"None"]
["Continue",80,4,"19 Marcav 1008","Endsnear","Spring",38,"6:01am","6:00pm","Darkness","Temperate","Seacoast",0,1,1,2,1,4,5,5,2,1,11,0,1,"50 (50)","30 (12)",4,0.74,0.78,"West",45,22,"H","3/4 inch to 1.5 inches","Rain",5,"Overcast",3,"C",4,"Lightning Storm","From 2:52am 'til 3:22am."]
["Continue",81,4,"20 Marcav 1008","Godsday","Spring",38,"5:59am","6:01pm","Darkness","Temperate","Seacoast",0,1,3,1,6,3,5,5,1,4,11,0,2,"50 (50)","30 (12)",4,0.73,0.83,"Variable",45,22,"D","> 4 inches","Rain",5,"Overcast",null,"C",3,"Hurricane","120 mph winds from 6:17am to 12:17pm, calm 'til 1:12pm, 120 mph winds 'til 7:12pm"]
["Continue",82,4,"21 Marcav 1008","Newday","Spring",38,"5:58am","6:03pm","Darkness","Temperate","Seacoast",0,5,6,5,1,1,4,6,2,2,11,0,3,"50 (50)","30 (21)",2,0.53,0.35,"West",10,5,"-","None","None",3,"Partly Cloudy",null,"C",2,"None"]
["Continue",83,4,"22 Marcav 1008","Nexsta'","Spring",38,"5:57am","6:04pm","Darkness","Temperate","Seacoast",0,4,1,5,6,3,2,6,3,3,11,0,4,"50 (50)","30 (21)",2,0.32,0.36,"West",10,5,"-","None","None",2,"Mostly Clear",null,"C",1,"None"]
["Continue",84,4,"23 Marcav 1008","Onward","Spring",38,"5:55am","6:05pm","Darkness","Temperate","Seacoast",0,1,5,6,6,6,1,3,2,3,12,0,0,"60 (60)","40 (40)",2,0.32,0.31,"West",0,0,"L","1/8 inch to 1/2 inch","Rain",2,"Mostly Clear",null,"C",null,"None"]
["Continue",85,4,"24 Marcav 1008","Forens","Spring",38,"5:54am","6:07pm","Darkness","Temperate","Seacoast",0,5,5,5,4,1,3,2,3,3,14,0,0,"70 (70)","50 (50)",3,0.37,0.51,"South",0,0,"M","1/2 inch to 3/4 inch","Rain",3,"Partly Cloudy",null,"C",null,"None"]
["Continue",86,4,"25 Marcav 1008","Freeday","Spring",38,"5:52am","6:08pm","Darkness","Temperate","Seacoast",0,5,1,6,4,6,3,3,3,1,13,0,0,"65 (65)","45 (45)",2,0.61,0.22,"West",10,5,"T","< 1/8 inch","Rain",3,"Partly Cloudy",null,"C",null,"None"]
["Continue",87,4,"26 Marcav 1008","Hafn'mor","Spring",38,"5:51am","6:10pm","Darkness","Temperate","Seacoast",0,3,6,2,5,2,4,3,3,2,14,0,0,"70 (70)","50 (50)",2,0.26,0.3,"West",0,0,"-","None","None",1,"Clear",null,"C",null,"None"]
["Continue",88,4,"27 Marcav 1008","Aprochen","Spring",38,"5:50am","6:11pm","Moonlight","Temperate","Seacoast",0,6,6,1,3,5,6,6,1,3,17,0,0,"80 (80)","60 (60)",3,0.41,0.6,"South",5,0,"M","1/2 inch to 3/4 inch","Rain",3,"Partly Cloudy",4,"-",null,"None"]
["Continue",89,4,"28 Marcav 1008","Longday","Spring",38,"5:48am","6:12pm","Moonlight","Temperate","Seacoast",0,3,5,6,5,3,2,2,1,2,18,0,0,"80 (80)","65 (65)",2,0.46,0.27,"West",0,0,"L","1/8 inch to 1/2 inch","Rain",2,"Mostly Clear",null,"-",null,"None"]
["Continue",90,4,"29 Marcav 1008","Endsnear","Spring",38,"5:47am","6:14pm","Moonlight","Temperate","Seacoast",0,2,5,5,1,6,6,5,1,4,18,0,0,"80 (80)","65 (65)",2,0.22,0.35,"West",0,0,"L","1/8 inch to 1/2 inch","Rain",2,"Mostly Clear",null,"-",null,"None"]
["Continue",91,4,"30 Marcav 1008","Godsday","Spring",38,"5:45am","6:15pm","Moonlight","Temperate","Seacoast",0,6,2,1,6,1,2,1,3,3,19,1,0,"85 (85)","65 (65)",2,0.26,0.28999999999999998,"West",0,0,"T","< 1/8 inch","Rain",2,"Mostly Clear",null,"-",null,"None"]
["Continue",92,4,"01 Apros 1008","Newday","Spring",38,"5:44am","6:17pm","Moonlight","Temperate","Seacoast",0,2,6,2,6,2,4,6,2,3,19,2,0,"85 (85)","65 (65)",2,0.37,0.36,"West",0,0,"T","< 1/8 inch","Rain",2,"Mostly Clear",null,"-",null,"None"]
["Continue",93,4,"02 Apros 1008","Nexsta'","Spring",38,"5:43am","6:18pm","Moonlight","Temperate","Seacoast",0,4,2,3,4,3,5,1,1,2,18,0,0,"80 (80)","65 (65)",2,0.28999999999999998,0.38,"West",10,5,"T","< 1/8 inch","Rain",2,"Mostly Clear",null,"-",null,"None"]
["Continue",94,4,"03 Apros 1008","Onward","Spring",38,"5:41am","6:19pm","Moonlight","Temperate","Seacoast",0,3,6,2,6,6,3,4,1,4,19,1,0,"85 (85)","65 (65)",2,0.37,0.36,"West",0,0,"-","None","None",1,"Clear",null,"-",null,"None"]
["Continue",95,4,"04 Apros 1008","Forens","Spring",38,"5:40am","6:21pm","Darkness","Temperate","Seacoast",0,2,1,6,2,1,6,2,2,1,17,0,0,"80 (80)","60 (60)",2,0.32,0.27,"North",15,8,"-","None","None",3,"Partly Cloudy",null,null,null,"None"]
["Continue",96,4,"05 Apros 1008","Freeday","Spring",38,"5:39am","6:22pm","Darkness","Temperate","Seacoast",0,3,6,1,3,6,2,1,1,3,18,0,0,"80 (80)","65 (65)",2,0.28000000000000003,0.25,"West",0,0,"-","None","None",1,"Clear",null,null,null,"None"]
["Continue",97,4,"06 Apros 1008","Hafn'mor","Spring",38,"5:37am","6:23pm","Darkness","Temperate","Seacoast",0,6,6,3,5,2,3,2,2,3,19,1,0,"85 (86)","65 (65)",3,0.5,0.55000000000000004,"West",5,0,"M","1/2 inch to 3/4 inch","Rain",3,"Partly Cloudy",8,"M",null,"Heavy Fog","from 5:37am 'til 7:37am"]
["Continue",98,4,"07 Apros 1008","Aprochen","Spring",38,"5:36am","6:25pm","Darkness","Temperate","Seacoast",0,2,2,5,1,3,5,2,1,4,17,0,0,"80 (85)","60 (60)",4,0.84,0.84,"North",15,8,"M","1/2 inch to 3/4 inch","Rain",4,"Mostly Cloudy",null,"M",null,"None"]
["Continue",99,4,"08 Apros 1008","Longday","Spring",38,"5:35am","6:26pm","Darkness","Temperate","Seacoast",0,2,2,6,6,6,4,5,3,1,15,0,0,"70 (70)","55 (55)",4,0.9,0.87,"North",25,12,"M","1/2 inch to 3/4 inch","Rain",5,"Overcast",null,"M",null,"None"]
["Continue",100,4,"09 Apros 1008","Endsnear","Spring",38,"5:33am","6:28pm","Darkness","Temperate","Seacoast",0,2,3,2,1,5,5,1,3,4,14,0,0,"70 (70)","50 (50)",2,0.47,0.33,"West",40,20,"-","None","None",5,"Overcast",null,"M",null,"None"]
["Continue",101,4,"10 Apros 1008","Godsday","Spring",38,"5:32am","6:29pm","Darkness","Temperate","Seacoast",0,2,1,5,2,5,5,2,3,1,12,0,0,"60 (60)","40 (26)",2,0.21,0.31,"North",45,22,"-","None","None",5,"Overcast",null,"M",null,"None"]
["Continue",102,4,"11 Apros 1008","Newday","Spring",38,"5:31am","6:30pm","Darkness","Temperate","Seacoast",0,6,1,1,3,2,5,2,2,2,12,0,0,"60 (60)","40 (26)",2,0.33,0.4,"West",45,22,"-","None","None",5,"Overcast",null,"M",null,"None"]
["Continue",103,4,"12 Apros 1008","Nexsta'","Spring",38,"5:29am","6:32pm","Darkness","Temperate","Seacoast",0,5,2,6,1,4,3,1,1,3,12,0,0,"60 (60)","40 (26)",2,0.39,0.23,"West",45,22,"-","None","None",5,"Overcast",null,"M",null,"None"]
["Continue",104,4,"13 Apros 1008","Onward","Spring",38,"5:28am","6:33pm","Darkness","Temperate","Seacoast",0,4,1,3,3,2,3,6,3,1,11,0,1,"50 (50)","30 (12)",2,0.34,0.34,"West",45,22,"-","None","None",5,"Overcast",null,"M",null,"None"]
["Continue"]

{"sheet":"Look-up Tables","index":1,"n_rows":146,"n_cols":42,"rows_kept":146,"cut":false,"hidden":false,"merged":[[75,0,80,0],[88,0,94,0],[73,10,73,13],[102,0,108,0],[73,2,73,5],[95,0,101,0],[81,0,87,0],[139,0,145,0],[110,0,110,5],[112,0,117,0],[118,0,124,0],[125,0,131,0],[132,0,138,0],[73,14,73,17],[72,0,72,17],[35,2,35,4],[35,5,35,7],[35,8,35,10],[64,0,70,0],[57,0,63,0],[50,0,56,0],[73,6,73,9],[43,0,49,0],[34,0,34,13],[37,0,42,0],[35,11,35,13],[27,0,32,0],[2,5,2,7],[2,11,2,13],[9,0,14,0],[15,0,20,0],[2,8,2,10],[3,0,8,0],[2,35,2,37],[2,14,2,16],[2,17,2,19],[21,0,26,0],[2,23,2,25],[2,26,2,28],[2,29,2,31],[2,32,2,34],[2,2,2,4],[2,20,2,22],[0,39,0,41],[0,0,0,37],[1,2,1,10],[1,11,1,19],[1,29,1,37],[1,20,1,28]]}
["Temperature Variation",null,null,null,null,null,null,null,null,null,null,null,null,null,null,null,null,null,null,null,null,null,null,null,null,null,null,null,null,null,null,null,null,null,null,null,null,null,null,"Temperature Codes"]
[null,null,"Winter",null,null,null,null,null,null,null,null,"Spring",null,null,null,null,null,null,null,null,"Summer",null,null,null,null,null,null,null,null,"Autumn",null,null,null,null,null,null,null,null,null,"Code","High","Low"]
[null,null,1,null,null,2,null,null,3,null,null,4,null,null,5,null,null,6,null,null,7,null,null,8,null,null,9,null,null,10,null,null,11,null,null,12,null,null,null,0,-30,-50]
["Arctic","Desert",1,2,7,1,2,8,1,3,8,1,5,8,3,7,11,6,10,12,10,11,14,10,11,13,6,8,11,4,7,10,1,4,8,1,2,8,null,1,-20,-40]
[null,"Forest","-","-","-","-","-","-","-","-","-","-","-","-","-","-","-","-","-","-","-","-","-","-","-","-","-","-","-","-","-","-","-","-","-","-","-","-",null,2,-15,-30]
[null,"Hills",1,2,5,1,2,4,1,3,6,1,4,7,2,5,9,3,6,9,4,7,12,4,7,11,3,6,10,3,5,8,2,5,8,1,3,5,null,3,-5,-20]
[null,"Mountains",1,2,5,1,2,4,1,3,6,1,4,7,2,5,9,3,6,9,4,7,12,4,7,11,3,6,10,3,5,8,2,5,8,1,3,5,null,4,0,-10]
[null,"Plains",1,2,7,1,2,8,1,3,8,1,5,8,3,7,11,6,10,12,10,11,14,10,11,13,6,8,11,4,7,10,1,4,8,1,2,8,null,5,10,0]
[null,"Seacoast",1,3,8,1,2,8,1,3,8,1,5,10,3,7,11,6,10,14,10,11,16,10,11,14,5,9,12,3,7,10,1,5,9,1,3,9,null,6,18,10]
["Subarctic","Desert",1,4,9,1,4,10,2,5,10,3,7,10,6,11,13,10,12,14,11,13,17,10,13,17,7,11,17,6,8,13,3,5,12,1,3,9,null,7,25,10]
[null,"Forest",1,5,10,1,5,9,2,7,11,4,10,12,8,11,14,10,12,16,11,13,18,10,13,18,9,11,16,5,10,12,2,8,11,1,6,10,null,8,30,15]
[null,"Hills",1,4,9,1,4,9,2,6,10,3,7,10,6,11,14,10,12,14,10,13,16,9,13,16,7,11,13,4,10,12,2,7,11,1,4,10,null,9,35,15]
[null,"Mountains",1,3,9,1,4,9,1,6,10,2,8,12,5,10,13,9,11,13,10,12,14,9,13,15,7,11,13,4,10,12,2,6,11,1,4,10,null,10,40,20]
[null,"Plains",1,4,9,1,4,10,2,5,10,3,7,10,6,11,13,10,12,14,11,13,17,10,13,17,7,11,17,6,8,13,3,5,12,1,3,9,null,11,50,30]
[null,"Seacoast",2,6,11,2,7,11,3,8,11,4,10,13,8,11,14,10,12,18,11,13,18,11,13,18,10,12,16,5,11,13,3,8,12,1,6,11,null,12,60,40]
["Temperate","Desert",11,13,19,11,13,20,12,13,20,13,14,23,13,16,24,16,16,26,21,25,26,21,25,26,17,23,25,14,19,24,12,18,24,11,13,18,null,13,65,45]
[null,"Forest",3,6,12,2,6,11,5,11,16,8,12,16,11,14,21,13,16,22,13,19,24,13,19,24,12,16,22,10,14,18,6,10,12,4,10,12,null,14,70,50]
[null,"Hills",2,9,12,3,10,13,5,11,16,9,12,18,10,15,20,10,17,24,12,20,25,12,20,25,11,17,23,10,14,20,6,11,16,3,10,13,null,15,70,55]
[null,"Mountains",1,9,12,2,9,13,3,10,14,5,11,17,6,12,19,11,15,22,12,17,24,11,17,23,9,14,21,5,12,19,3,11,18,2,10,12,null,16,75,55]
[null,"Plains",2,8,13,3,8,14,4,11,17,7,12,19,11,14,21,12,16,24,13,19,25,13,19,25,11,16,23,7,12,19,5,11,17,3,10,13,null,17,80,60]
[null,"Seacoast",5,10,13,6,11,14,9,11,17,11,12,19,11,13,20,12,15,23,13,16,24,13,16,23,12,15,23,11,12,20,7,11,16,5,11,13,null,18,80,65]
["Subtropical","Desert",12,16,20,12,16,21,13,19,23,14,20,24,15,20,24,18,22,25,20,24,26,20,24,26,18,21,25,16,21,25,14,19,24,13,16,23,null,19,85,65]
[null,"Forest",12,20,21,12,20,22,13,20,22,14,20,23,14,20,24,16,21,24,16,21,24,16,21,24,15,21,23,14,21,23,13,19,22,12,19,22,null,20,85,70]
[null,"Hills",11,14,17,11,15,18,12,17,21,13,19,22,14,20,23,15,21,24,16,21,24,16,21,25,14,19,24,13,17,22,12,16,19,11,14,18,null,21,90,70]
[null,"Mountains",11,13,16,11,13,17,12,16,19,12,16,20,13,17,21,14,17,21,14,16,20,14,15,18,12,15,18,12,14,17,12,14,17,11,13,16,null,22,90,75]
[null,"Plains",12,14,18,11,15,19,13,18,21,14,19,24,18,22,24,19,23,25,20,23,26,20,23,26,19,22,25,17,22,25,13,18,21,12,16,19,null,23,95,75]
[null,"Seacoast",12,13,21,11,13,22,11,15,23,12,16,24,13,17,24,13,19,25,14,19,25,14,19,25,13,18,24,12,17,23,11,15,21,11,13,21,null,24,100,80]
["Tropical","Desert",16,18,21,16,19,20,16,20,23,16,21,24,17,22,25,20,23,26,22,25,26,22,25,26,21,24,25,21,22,24,18,21,23,17,19,22,null,25,105,80]
[null,"Forest",13,21,23,12,21,23,13,21,23,15,21,24,15,21,24,17,21,24,17,21,24,17,21,24,17,21,24,16,21,24,15,21,23,13,21,23,null,26,115,85]
[null,"Hills",13,16,18,14,16,20,14,18,20,16,18,21,16,20,24,17,21,25,19,23,26,19,23,26,19,22,25,17,20,23,15,18,21,14,17,20,null,27,125,95]
[null,"Mountains",13,16,18,14,16,19,14,17,20,15,17,20,15,17,21,15,17,21,14,16,20,14,16,20,14,16,20,14,16,19,13,16,19,13,16,19]
[null,"Plains",13,16,18,14,17,20,14,18,21,16,18,21,18,23,25,20,23,25,20,23,26,20,23,26,20,23,25,18,22,25,16,19,23,14,18,21,null,"Months","Arctic Terrain","Terrain"]
[null,"Seacoast",16,19,21,16,19,22,15,20,23,17,20,24,17,20,24,18,20,25,18,20,24,18,20,24,18,20,23,17,19,22,17,19,22,16,18,22,null,"Janus","Desert","Desert"]
[null,null,null,null,null,null,null,null,null,null,null,null,null,null,null,null,null,null,null,null,null,null,null,null,null,null,null,null,null,null,null,null,null,null,null,null,null,null,null,"Febulus","Hills","Forest"]
["Precipitation Variation",null,null,null,null,null,null,null,null,null,null,null,null,null,null,null,null,null,null,null,null,null,null,null,null,null,null,null,null,null,null,null,null,null,null,null,null,null,null,"Marcav","Mountains","Hills"]
[null,null,"Winter",null,null,"Spring",null,null,"Summer",null,null,"Autumn",null,null,null,null,null,null,null,null,null,null,null,null,null,null,null,null,null,null,null,null,null,null,null,null,null,null,null,"Apros","Plains","Mountains"]
[null,null,"A","B","C","A","B","C","A","B","C","A","B","C",null,null,null,null,null,null,null,null,null,null,null,null,null,null,null,null,null,null,null,null,null,null,null,null,null,"Mavis","Seacoast","Plains"]
["Arctic","Desert","-","T","-","-","T","-","-","T","-","-","T","-",null,null,null,null,null,null,null,null,null,null,null,null,null,null,null,null,null,null,null,null,null,null,null,null,null,"Junta",null,"Seacoast"]
[null,"Forest","-","-","-","-","-","-","-","-","-","-","-","-",null,null,null,null,null,null,null,null,null,null,null,null,null,null,null,null,null,null,null,null,null,null,null,null,null,"Jularva"]
[null,"Hills","-","-","T","-","-","T","-","-","T","-","-","T",null,null,null,null,null,null,null,null,null,null,null,null,null,null,null,null,null,null,null,null,null,null,null,null,null,"Augot"]
[null,"Mountains","-","-","T","-","-","T","-","-","T","-","-","T",null,null,null,null,null,null,null,null,null,null,null,null,null,null,null,null,null,null,null,null,null,null,null,null,null,"Septev"]
[null,"Plains","-","T","T","-","L","T","-","M","L","-","T","T",null,null,null,null,null,null,null,null,null,null,null,null,null,null,null,null,null,null,null,null,null,null,null,null,null,"Octov"]
[null,"Seacoast","-","T","-","-","L","T","-","L","T","-","L","T",null,null,null,null,null,null,null,null,null,null,null,null,null,null,null,null,null,null,null,null,null,null,null,null,null,"Novius"]
["Subarctic","Desert","-","T","-","-","-","T","-","-","T","-","T","T",null,null,null,null,null,null,null,null,null,null,null,null,null,null,null,null,null,null,null,null,null,null,null,null,null,"Detenday"]
[null,"Forest","-","L","T","T","M","L","T","M","L","T","L","T"]
[null,"Hills","-","T","T","-","L","T","T","L","L","-","L","T"]
[null,"Mountains","-","T","T","T","M","L","T","L","T","-","L","T"]
[null,"Plains","-","L","T","T","M","L","T","M","L","T","L","T"]
[null,"Seacoast","-","T","T","-","L","T","T","M","L","-","L","T"]
[null,"Swamp","-","L","T","T","M","L","T","L","L","T","L","L"]
["Temperate","Desert","-","T","-","-","T","-","-","T","-","-","-","-"]
[null,"Forest","T","M","L","L","H","M","L","M","M","L","M","M"]
[null,"Hills","T","M","L","L","H","M","L","H","M","T","M","L"]
[null,"Mountains","-","M","L","-","M","L","-","L","T","-","M","L"]
[null,"Plains","-","L","T","L","H","M","L","H","M","T","M","L"]
[null,"Seacoast","L","H","M","T","M","L","-","L","T","L","H","M"]
[null,"Swamp","T","M","L","L","H","L","L","H","M","-","M","L"]
["Subtropical","Desert","-","T","-","-","T","-","-","-","-","-","T","-"]
[null,"Forest","M","H","H","M","D","H","M","D","H","M","H","H"]
[null,"Hills","T","L","L","L","H","M","L","H","M","T","M","L"]
[null,"Mountains","T","M","L","L","H","M","L","M","M","T","M","L"]
[null,"Plains","-","L","T","T","H","L","T","M","L","-","L","T"]
[null,"Seacoast","T","M","L","L","H","M","L","D","M","-","L","T"]
[null,"Swamp","T","L","L","T","M","L","T","H","L","T","L","L"]
["Tropical","Desert","-","T","-","-","L","T","-","T","-","-","T","-"]
[null,"Forest","M","D","H","M","D","H","M","D","H","M","D","H"]
[null,"Hills","-","T","-","-","L","T","T","M","L","-","T","-"]
[null,"Mountains","T","M","L","M","H","H","T","M","L","M","H","H"]
[null,"Plains","-","T","-","L","H","M","M","H","M","L","H","M"]
[null,"Seacoast","-","T","-","L","D","M","H","D","D","-","L","T"]
[null,"Swamp","-","L","T","M","H","H","M","H","M","L","M","M"]
[]
["Special Weather"]
[null,null,"Winter",null,null,null,"Spring",null,null,null,"Summer",null,null,null,"Autumn"]
[null,null,1,2,3,4,1,2,3,4,1,2,3,4,1,2,3,4]
["Arctic","Desert","G","A","D","D","G","A","D","D","G","A","D","D","G","A","D","D"]
[null,"Forest","-","-","-","-","-","-","-","-","-","-","-","-","-","-","-","-"]
[null,"Hills","G","A","D","D","G","A","D","M","G","A","D","Z","G","A","D","D"]
[null,"Mountains","G","A","D","D","G","A","D","M","G","A","M","Z","G","A","D","M"]
[null,"Plains","G","A","D","D","A","G","D","M","X","A","D","Z","G","A","D","Z"]
[null,"Seacoast","G","A","D","D","A","G","M","Z","G","A","M","Z","G","A","M","Z"]
["Subarctic","Desert","G","A","D","Z","G","A","D","D","A","S","D","D","G","A","D","D"]
[null,"Forest","G","A","D","D","A","X","D","Z","X","A","Z","D","A","X","M","D"]
[null,"Hills","G","A","M","M","A","G","D","Z","A","X","Z","D","G","A","M","D"]
[null,"Mountains","G","A","D","D","A","X","M","Z","A","X","Z","D","G","A","M","D"]
[null,"Plains","G","A","M","Z","A","X","D","Z","Z","A","Z","D","G","A","D","Z"]
[null,"Seacoast","G","A","M","Z","G","A","M","Z","X","A","Z","M","A","G","M","Z"]
[null,"Swamp","A","X","M","Z","A","X","M","Z","X","A","Z","M","A","X","M","Z"]
["Temperate","Desert","A","S","D","Z","G","S","D","Z","G","S","D","Z","S","G","D","Z"]
[null,"Forest","A","X","M","Z","G","X","M","Z","G","X","M","Z","A","X","M","Z"]
[null,"Hills","A","X","M","D","A","X","Z","T","A","X","D","Z","A","X","D","Z"]
[null,"Mountains","A","X","M","Z","A","X","M","Z","A","X","D","Z","X","A","D","Z"]
[null,"Plains","A","G","D","Z","A","X","T","Z","X","G","D","Z","X","A","D","Z"]
[null,"Seacoast","A","X","M","Z","C","X","M","Z","C","X","M","Z","A","X","M","Z"]
[null,"Swamp","A","X","M","Z","G","X","M","Z","G","X","M","Z","A","X","M","Z"]
["Subtropical","Desert","A","S","D","Z","G","S","D","Z","G","S","D","Z","G","S","D","Z"]
[null,"Forest","X","A","M","Z","X","G","Z","M","X","X","Z","M","A","X","M","Z"]
[null,"Hills","A","X","D","Z","A","X","D","T","X","G","D","Z","A","X","Z","M"]
[null,"Mountains","A","X","D","Z","A","X","Z","M","X","G","Z","D","X","A","Z","M"]
[null,"Plains","A","X","D","Z","X","G","Z","T","X","G","D","Z","G","A","D","Z"]
[null,"Seacoast","A","X","D","Z","C","X","M","Z","C","X","M","Z","C","X","D","Z"]
[null,"Swamp","A","X","D","Z","C","X","M","Z","C","X","M","Z","C","X","D","Z"]
["Tropical","Desert","A","S","D","Z","G","S","D","Z","G","S","D","Z","G","S","D","Z"]
[null,"Forest","X","X","M","Z","X","X","Z","M","X","X","Z","M","X","X","M","Z"]
[null,"Hills","A","G","D","Z","G","X","D","Z","G","X","D","Z","G","G","Z","D"]
[null,"Mountains","A","X","M","Z","A","X","M","Z","X","G","Z","M","A","G","M","Z"]
[null,"Plains","G","X","D","Z","G","X","D","Z","S","X","Z","D","G","X","Z","D"]
[null,"Seacoast","X","A","D","Z","A","X","M","Z","C","X","M","Z","X","A","Z","M"]
[null,"Swamp","A","X","Z","D","G","X","Z","M","X","G","M","Z","X","A","M","Z"]
[]
["Humidity"]
[null,null,"Winter","Spring","Summer","Autumn"]
["Arctic","Desert",2,2,2,2]
[null,"Forest","-","-","-","-"]
[null,"Hills",2,2,2,2]
[null,"Mountains",2,2,2,2]
[null,"Plains",2,2,2,2]
[null,"Seacoast",2,2,2,2]
["Subarctic","Desert",2,2,2,2]
[null,"Forest",2,3,3,2]
[null,"Hills",2,2,2,2]
[null,"Mountains",2,3,2,2]
[null,"Plains",2,3,3,2]
[null,"Seacoast",2,3,3,2]
[null,"Swamp",2,3,3,2]
["Temperate","Desert",2,2,2,2]
[null,"Forest",3,4,3,3]
[null,"Hills",3,4,4,3]
[null,"Mountains",2,3,2,3]
[null,"Plains",3,4,4,3]
[null,"Seacoast",4,3,3,4]
[null,"Swamp",3,4,4,3]
["Subtropical","Desert",2,2,2,2]
[null,"Forest",4,4,4,4]
[null,"Hills",3,4,4,4]
[null,"Mountains",3,4,4,4]
[null,"Plains",3,4,3,2]
[null,"Seacoast",3,4,4,3]
[null,"Swamp",3,4,4,3]
["Tropical","Desert",2,2,2,2]
[null,"Forest",4,4,4,4]
[null,"Hills",3,3,4,3]
[null,"Mountains",3,4,4,4]
[null,"Plains",3,4,4,4]
[null,"Seacoast",3,4,4,3]
[null,"Swamp",3,4,4,4]